00799 2200277 4500001002100000005001500021035002000036007000300056008004100059040001700100100001600117245013700133250000900270300003100279020002200310041000800332082001200340084001800352260003000370600001100400700002100411850001000432500002800442504002600470990002500496INLIS00000000000226720260603090632 a0010-0220000118ta260603 0  aSBPUPADbind0 aAbdul Kadir1 aArduino dan Sensor :bTuntunan Praktis Mempelajari Penggunaan Sensor Untuk Aneka Proyek Elektronika Berbasis Arduino /cAbdul Kadir, aEd.1 a470 hlm. :bIlus. ;c23 cm a978-979-29-6670-1 bind a621.381 a621.381 ABD a aYogyakarta :bAndi,c2018 4aTeknik0 aEditor: Giovanny aPUPAD aprofil penulis, hlm 472 abibiliografi, hlm 471 a31.308/APBD/DPK/2019